Top 10 - Buteurs en Ligue 1 saison 22/23 - Statistiques

Statistiques générales
  • Ce quiz a été pris 80 fois
  • Le résultat moyen est 7 sur 10
Statistiques - réponses
Club Buts Joueur % Correct
Paris Saint-Germain 29 Kylian Mbappé
100%
Olympique Lyonnais 27 Alexandre Lacazette
96%
Lille OSC 24 Jonathan David
89%
Paris Saint-Germain 16 Lionel Messi
82%
AS Monaco 19 Wissam Ben Yedder
78%
RC Lens 21 Lois Openda
72%
Montpellier HSC 19 Elye Wahi
62%
Stade de Reims 21 Folarin Balogun
53%
OGC Nice 18 Terem Moffi
50%
RC Strasbourg 20 Habib Diallo
41%
Aucun quiz correspondant
Distribution des résultats
% des personnes avec chaque résultat
Percentile par nombre de réponses
Votre historique - résultats
Vous n’avez pas pris ce quiz